Применение ЭВМ и математических методов в горном деле: труды 17-го Международного симпозиума, 20-25 октября 1980 г., г. Москва; в 3 т.

Detalhes bibliográficos
Autor Corporativo: Применение ЭВМ и математических методов в горном деле (570)
Outros Autores: Мигачев Р. Д. (редактор)
Idioma:russo
Publicado em: Москва, Недра, 1982
Formato: Livro
KOHA link:https://koha.lib.tpu.ru/cgi-bin/koha/opac-detail.pl?biblionumber=263507

MARC

LEADER 00000nam1a2200000 4500
001 263507
005 20231031222426.0
035 |a (RuTPU)RU\TPU\book\286492 
090 |a 263507 
100 |a 20140609d1982 k y0rusy50 ca 
101 0 |a rus 
102 |a RU 
200 1 |a Применение ЭВМ и математических методов в горном деле  |e труды 17-го Международного симпозиума, 20-25 октября 1980 г., г. Москва  |e в 3 т.  |f  под ред. Р. Д. Мигачева 
210 |a Москва  |c Недра  |d 1982 
702 1 |a Мигачев  |b Р. Д.  |4 340 
712 1 2 |a Применение ЭВМ и математических методов в горном деле  |c Международный симпозиум  |d 17  |e Москва  |f 1980  |4 570 
801 1 |a RU  |b 63413507  |c 20140609 
801 2 |a RU  |b 63413507  |c 20160831  |g RCR 
942 |c BK